[Event "Santa Cruz op 8th"]
[Site "Santa Cruz"]
[Date "2024.01.12"]
[Round "3"]
[White "El Hage Serrano, Caely Dilsa"]
[Black "Campero, Ronald"]
[Result "1-0"]
[WhiteElo "1521"]
[BlackElo "2014"]
[PlyCount "73"]
[EventDate "2024.01.11"]
[EventType "swiss"]
[EventRounds "7"]
[EventCountry "BOL"]
[SourceTitle "CB04_2024"]
[SourceDate "2023.10.16"]
[SourceVersion "1"]
[SourceVersionDate "2023.10.16"]
[SourceQuality "1"]

1. e4 d6 2. d4 Nf6 3. Nd2 g6 4. c3 Bg7 5. f4 0-0 6. Ngf3 c5 7. g3 cxd4 8. cxd4 Nc6 9. a3 Bg4 10. Qc2 Rc8 11. Qd3 d5 12. e5 Ne4 13. Bg2 Qb6 14. Nb3 a5 15. Be3 a4 16. Nc5 Qxb2 17. 0-0 Nxc5 18. dxc5 Bf5 19. Qxd5 Rfd8 20. Qa2 Qb3 21. Bf2 f6 22. Rfe1 Rd3 23. exf6 Bxf6 24. Ne5 Bxe5 25. fxe5 Be6 26. Qe2 Rcd8 27. Rab1 Qxa3 28. Rxb7 Bd5 29. Bxd5+ R3xd5 30. Rc7 Nxe5 31. Rxe7 Nf3+ 32. Kh1 Qc3 33. Qe6+ Kh8 34. Re8+ Rxe8 35. Qxe8+ Kg7 36. Re7+ Kh6 37. Qf8+ 1-0

[Event "Santa Cruz op 8th"]
[Site "Santa Cruz"]
[Date "2024.01.11"]
[Round "2"]
[White "Campero, Ronald"]
[Black "Velarde Alarcon, Jhoana"]
[Result "1-0"]
[WhiteElo "2014"]
[BlackElo "1490"]
[PlyCount "81"]
[EventDate "2024.01.11"]
[EventType "swiss"]
[EventRounds "7"]
[EventCountry "BOL"]
[SourceTitle "CB04_2024"]
[SourceDate "2023.10.16"]
[SourceVersion "1"]
[SourceVersionDate "2023.10.16"]
[SourceQuality "1"]

1. e4 c5 2. Nf3 e6 3. Nc3 a6 4. d4 cxd4 5. Nxd4 Qc7 6. g3 Nf6 7. Bg2 b6 8. 0-0 Bb7 9. Re1 Nc6 10. Nd5 exd5 11. exd5+ Ne5 12. f4 d6 13. fxe5 dxe5 14. Bf4 Nd7 15. Nc6 Bd6 16. Qg4 Kf8 17. Be3 Nf6 18. Qd1 Rc8 19. c4 e4 20. Qb3 Bc5 21. Bxc5+ bxc5 22. Bh3 Re8 23. Qa3 Qd6 24. Na5 Bc8 25. Bxc8 Rxc8 26. Nc6 Ra8 27. Qe3 h5 28. a3 Rh6 29. b4 cxb4 30. axb4 h4 31. Qc5 Qxc5+ 32. bxc5 h3 33. d6 Nd7 34. Ra5 Re8 35. Ne7 Ne5 36. Rxe4 Nf3+ 37. Kf2 Nxh2 38. d7 Rb8 39. c6 Ng4+ 40. Rxg4 Kxe7 41. c7 1-0

[Event "BOL-ch Seniors"]
[Site "Santa Cruz"]
[Date "2023.03.26"]
[Round "7"]
[White "Campero, Ronald"]
[Black "Frederiksen, Eguil E"]
[Result "1-0"]
[WhiteElo "2082"]
[BlackElo "1442"]
[PlyCount "45"]
[EventDate "2023.03.24"]
[EventType "swiss"]
[EventRounds "7"]
[EventCountry "BOL"]
[SourceTitle "CBM 213 Extra"]
[Source "ChessBase"]
[SourceDate "2023.05.31"]
[SourceVersion "1"]
[SourceVersionDate "2023.05.31"]
[SourceQuality "1"]

1. e4 e5 2. Nf3 Nc6 3. Bb5 a6 4. Ba4 b5 5. Bb3 Be7 6. 0-0 Nf6 7. Re1 0-0 8. h3 d6 9. c3 h6 10. d4 exd4 11. cxd4 Kh8 12. Nc3 Rb8 13. Bf4 Nh7 14. Rc1 Na5 15. Bc2 f5 16. Nd5 Bg5 17. exf5 c6 18. Bxg5 Nxg5 19. Ne7 Nxf3+ 20. Qxf3 Rf6 21. b4 Rf7 22. Ng6+ Kg8 23. bxa5 1-0

[Event "Cochabamba op 6th"]
[Site "Cochabamba"]
[Date "2023.03.03"]
[Round "3"]
[White "Bonifacio Sarmiento, Derek Mauricio"]
[Black "Campero, Ronald"]
[Result "0-1"]
[WhiteElo "1006"]
[BlackElo "2082"]
[PlyCount "84"]
[EventDate "2023.03.02"]
[EventType "swiss"]
[EventRounds "7"]
[EventCountry "BOL"]
[SourceTitle "CBM 213 Extra"]
[Source "ChessBase"]
[SourceDate "2023.05.31"]
[SourceVersion "1"]
[SourceVersionDate "2023.05.31"]
[SourceQuality "1"]

1. e4 d6 2. Nf3 Nf6 3. Nc3 c6 4. d4 Bg4 5. h3 Bh5 6. Be2 e6 7. Bg5 h6 8. Bxf6 Qxf6 9. e5 Qd8 10. g4 Bg6 11. exd6 Bxd6 12. Bd3 Qf6 13. Bxg6 Qxg6 14. Ne5 Bxe5 15. dxe5 Nd7 16. Qe2 Qg5 17. Qe4 Qxe5 18. Qxe5 Nxe5 19. 0-0-0 Rd8 20. Rxd8+ Kxd8 21. Rd1+ Ke7 22. Ne4 b6 23. f4 Nd7 24. h4 Nb8 25. c3 Rd8 26. Rxd8 Kxd8 27. Kd2 Ke7 28. Ke3 Nd7 29. b4 Nf6 30. Nxf6 Kxf6 31. Ke4 Ke7 32. c4 Kd6 33. Kd4 f6 34. c5+ bxc5+ 35. bxc5+ Ke7 36. a4 g6 37. g5 hxg5 38. hxg5 e5+ 39. Ke4 exf4 40. gxf6+ Kxf6 41. Kxf4 Ke6 42. Ke4 a5 0-1

[Event "Cochabamba op 6th"]
[Site "Cochabamba"]
[Date "2023.03.02"]
[Round "1"]
[White "Campero, Ronald"]
[Black "Gareca Ordonez, Laura"]
[Result "0-1"]
[WhiteElo "2082"]
[BlackElo "1331"]
[PlyCount "60"]
[EventDate "2023.03.02"]
[EventType "swiss"]
[EventRounds "7"]
[EventCountry "BOL"]
[SourceTitle "CBM 213 Extra"]
[Source "ChessBase"]
[SourceDate "2023.05.31"]
[SourceVersion "1"]
[SourceVersionDate "2023.05.31"]
[SourceQuality "1"]

1. f4 d5 2. Nf3 e6 3. g3 Nf6 4. Bg2 c5 5. 0-0 Nc6 6. d3 Bd6 7. Nc3 d4 8. Nb5 0-0 9. Nxd6 Qxd6 10. c4 e5 11. fxe5 Nxe5 12. b4 Nfg4 13. bxc5 Qxc5 14. Qb3 Nxf3+ 15. exf3 Ne3 16. Ba3 Qh5 17. g4 Qg5 18. Bxf8 Nxf1 19. Kxf1 Kxf8 20. Qb4+ Qe7 21. Qxe7+ Kxe7 22. Re1+ Kd6 23. Re8 g6 24. Ke1 a6 25. f4 Rb8 26. g5 b5 27. cxb5 axb5 28. Kd2 b4 29. Kc2 Kc7 30. Bh3 Bxh3 0-1

[Event "La Paz Casa Argentina op"]
[Site "La Paz"]
[Date "2022.06.16"]
[Round "2"]
[White "Yujra Paredez, Ignacio Tadeo"]
[Black "Campero, Ronald"]
[Result "0-1"]
[WhiteElo "1425"]
[BlackElo "2121"]
[PlyCount "54"]
[EventDate "2022.06.16"]
[EventType "swiss"]
[EventRounds "7"]
[EventCountry "BOL"]
[SourceTitle "EXT 2023"]
[Source "ChessBase"]
[SourceDate "2022.10.05"]
[SourceVersion "1"]
[SourceVersionDate "2022.10.05"]
[SourceQuality "1"]

1. e4 c5 2. Nc3 Nc6 3. g3 g6 4. Bg2 Bg7 5. d3 d6 6. f4 e6 7. Nf3 Nge7 8. 0-0 0-0 9. Be3 Nd4 10. Rb1 Rb8 11. Ne2 Nec6 12. c3 Nxf3+ 13. Rxf3 b5 14. d4 Qe7 15. Qf1 cxd4 16. Nxd4 Nxd4 17. Bxd4 e5 18. fxe5 dxe5 19. Bf2 Be6 20. b4 Rfd8 21. Ra1 Qd7 22. Bc5 a6 23. Qf2 Bg4 24. Re3 Bh6 25. Ree1 Bd2 26. Red1 Bxd1 27. Rxd1 Be3 0-1

[Event "BOL-ch sf"]
[Site "La Paz"]
[Date "2020.02.15"]
[Round "5"]
[White "Campero, Ronald"]
[Black "Almendras, Elias"]
[Result "1/2-1/2"]
[WhiteElo "2134"]
[BlackElo "2143"]
[PlyCount "73"]
[EventDate "2020.02.13"]
[EventType "swiss"]
[EventRounds "7"]
[EventCountry "BOL"]
[SourceTitle "CBM 195 Extra"]
[Source "ChessBase"]
[SourceDate "2020.05.31"]
[SourceVersion "1"]
[SourceVersionDate "2020.05.31"]
[SourceQuality "1"]

1. Nf3 Nf6 2. c4 g6 3. g3 Bg7 4. Bg2 0-0 5. 0-0 d6 6. d4 Nc6 7. Nc3 e5 8. d5 Ne7 9. c5 Nd7 10. cxd6 cxd6 11. e4 b6 12. a4 a5 13. Rb1 Nc5 14. Re1 f5 15. Ra1 fxe4 16. Nxe4 Bg4 17. Bg5 h6 18. Bxe7 Qxe7 19. Ra3 g5 20. h3 Bh5 21. g4 Bg6 22. Nfd2 Rf4 23. f3 Qb7 24. Nc4 Nxe4 25. fxe4 b5 26. axb5 Qxb5 27. Rc3 Rc8 28. Qe2 Rcf8 29. Qe3 h5 30. gxh5 Bxh5 31. Nxd6 Qxb2 32. Rb3 Qa2 33. Nf5 Rf7 34. Ra3 Qb2 35. Rb3 Qa2 36. Ra3 Qb2 37. Rb3 1/2-1/2

[Event "Cochabamba"]
[Site "Cochabamba"]
[Date "2018.12.09"]
[Round "6"]
[White "Campero, Ronald"]
[Black "Ferrufino, Boris"]
[Result "1/2-1/2"]
[WhiteElo "2144"]
[BlackElo "2072"]
[PlyCount "95"]
[EventDate "2018.12.07"]
[EventType "tourn"]
[EventRounds "7"]
[EventCountry "BOL"]
[SourceTitle "CBM 190 Extra"]
[Source "ChessBase"]
[SourceDate "2019.07.15"]
[SourceVersion "1"]
[SourceVersionDate "2019.07.15"]
[SourceQuality "1"]

1. e4 c5 2. Nf3 Nc6 3. Bb5 g6 4. 0-0 Bg7 5. c3 Nf6 6. d3 0-0 7. Be3 b6 8. h3 Qc7 9. Re1 a6 10. Ba4 b5 11. Bc2 d6 12. Nbd2 b4 13. Rc1 bxc3 14. bxc3 Nd7 15. Bb1 Rb8 16. d4 a5 17. d5 Nce5 18. Nh2 c4 19. f4 Nd3 20. Bxd3 cxd3 21. Nb3 Ba6 22. Nf3 a4 23. Nbd4 Nc5 24. Nc6 Rb6 25. Kh1 Rxc6 26. dxc6 Qxc6 27. Bxc5 dxc5 28. c4 Rd8 29. Nd2 Bb2 30. Rb1 a3 31. Qb3 Qc7 32. e5 Qa5 33. Red1 Rd4 34. Rxb2 axb2 35. Qxb2 Bxc4 36. Nxc4 Rxc4 37. Rxd3 Qe1+ 38. Kh2 Rb4 39. Qc3 Qxc3 40. Rxc3 Rxf4 41. Rxc5 Ra4 42. Rc2 Ra5 43. Re2 Kf8 44. Kg3 Ke8 45. Kf4 h6 46. Rd2 Ra4+ 47. Ke3 Ra5 48. Ke4 1/2-1/2

[Event "Cochabamba"]
[Site "Cochabamba"]
[Date "2018.12.08"]
[Round "4"]
[White "Campero, Ronald"]
[Black "Rozo, Paulo"]
[Result "1-0"]
[WhiteElo "2144"]
[BlackElo "2170"]
[PlyCount "63"]
[EventDate "2018.12.07"]
[EventType "tourn"]
[EventRounds "7"]
[EventCountry "BOL"]
[SourceTitle "CBM 190 Extra"]
[Source "ChessBase"]
[SourceDate "2019.07.15"]
[SourceVersion "1"]
[SourceVersionDate "2019.07.15"]
[SourceQuality "1"]

1. e4 e5 2. Nf3 Nf6 3. d3 Nc6 4. Be2 d5 5. Nbd2 h6 6. c3 a5 7. Qc2 Bc5 8. h3 0-0 9. Nf1 a4 10. Ng3 Re8 11. 0-0 Qd6 12. Nh4 Ne7 13. Kh1 Qb6 14. f4 exf4 15. Bxf4 g5 16. Be5 Nd7 17. Nf3 Ng6 18. Bd4 Nf4 19. Bxc5 Nxc5 20. Nd4 Qg6 21. exd5 Re3 22. Rf3 Rxf3 23. Bxf3 Qxd3 24. Re1 Bd7 25. Qf2 Kf8 26. Nh5 Ra6 27. Nxf4 gxf4 28. Qh4 Rd6 29. Qe7+ Kg7 30. Bh5 Rf6 31. Qxc5 Qg3 32. Rg1 1-0

[Event "Cochabamba"]
[Site "Cochabamba"]
[Date "2018.12.08"]
[Round "3"]
[White "Gemy Vargas, Jose Daniel"]
[Black "Campero, Ronald"]
[Result "0-1"]
[WhiteElo "2401"]
[BlackElo "2144"]
[PlyCount "102"]
[EventDate "2018.12.07"]
[EventType "tourn"]
[EventRounds "7"]
[EventCountry "BOL"]
[SourceTitle "CBM 190 Extra"]
[Source "ChessBase"]
[SourceDate "2019.07.15"]
[SourceVersion "1"]
[SourceVersionDate "2019.07.15"]
[SourceQuality "1"]

1. e4 c5 2. Nf3 d6 3. c3 Nf6 4. h3 Bd7 5. Bd3 Bc6 6. Qe2 Nbd7 7. 0-0 e6 8. Bc2 Rc8 9. d4 cxd4 10. Nxd4 Be7 11. Nd2 0-0 12. N2f3 Ne5 13. Nh2 Bd7 14. g4 g6 15. f4 Nc6 16. Ndf3 Qc7 17. Be3 a6 18. Qf2 b5 19. g5 Nh5 20. Ng4 e5 21. f5 b4 22. Bb3 Be8 23. cxb4 Nxb4 24. Qh4 Nd3 25. Nf6+ Bxf6 26. gxf6 Ndf4 27. Ng5 Qd8 28. Bxf4 exf4 29. Rxf4 Qxf6 30. Rf2 h6 31. fxg6 Qxg5+ 32. Qxg5 hxg5 33. gxf7+ Bxf7 34. Rxf7 Rxf7 35. Rf1 Rcc7 36. Rf5 Kf8 37. Bxf7 Rxf7 38. Ra5 Nf4 39. Kh2 Rh7 40. Rxg5 Rxh3+ 41. Kg1 Nd3 42. b3 Re3 43. Ra5 Ke7 44. Rxa6 Rxe4 45. a3 Ke6 46. b4 Ke5 47. b5 Nc5 48. Ra7 Kd5 49. Kf2 Ra4 50. b6 Kc6 51. b7 Kc7 0-1

[Event "Cochabamba"]
[Site "Cochabamba"]
[Date "2018.12.07"]
[Round "1"]
[White "Campero, Ronald"]
[Black "Bolanos, Fernando"]
[Result "0-1"]
[WhiteElo "2144"]
[BlackElo "2185"]
[PlyCount "72"]
[EventDate "2018.12.07"]
[EventType "tourn"]
[EventRounds "7"]
[EventCountry "BOL"]
[SourceTitle "CBM 190 Extra"]
[Source "ChessBase"]
[SourceDate "2019.07.15"]
[SourceVersion "1"]
[SourceVersionDate "2019.07.15"]
[SourceQuality "1"]

1. f4 d5 2. Nf3 c5 3. g3 Nc6 4. d3 Nf6 5. Bg2 b5 6. 0-0 Bb7 7. c3 e6 8. Qe1 Be7 9. Na3 Qb6 10. Kh1 0-0 11. e4 b4 12. Nc2 dxe4 13. dxe4 Ba6 14. Rf2 Bd3 15. Ng1 e5 16. h3 Rfe8 17. f5 a5 18. Kh2 c4 19. Be3 Bc5 20. Bxc5 Qxc5 21. Bf3 Nxe4 22. Rg2 Ng5 23. Bg4 e4 24. Qe3 Qxe3 25. Nxe3 Nf3+ 26. Kh1 Nce5 27. Ne2 Bxe2 28. Rxe2 Rad8 29. cxb4 axb4 30. Rc1 b3 31. a3 Rd4 32. Nf1 g6 33. Ne3 h5 34. Bxf3 exf3 35. Rh2 Nd3 36. Rxc4 Rxc4 0-1

[Event "BOL-ch sf"]
[Site "Sucre"]
[Date "2018.07.08"]
[Round "9"]
[White "Delgadillo, Adonai"]
[Black "Campero, Ronald"]
[Result "0-1"]
[WhiteElo "2245"]
[BlackElo "2189"]
[PlyCount "98"]
[EventDate "2018.07.04"]
[EventType "tourn"]
[EventRounds "9"]
[EventCountry "BOL"]
[SourceTitle "EXT 2019"]
[Source "ChessBase"]
[SourceDate "2018.10.10"]
[SourceVersion "1"]
[SourceVersionDate "2018.10.10"]
[SourceQuality "1"]

1. e4 d6 2. d4 Nf6 3. Nc3 Nbd7 4. Bg5 h6 5. Bh4 c6 6. f4 Qb6 7. a3 e5 8. Nge2 exf4 9. Bxf6 Nxf6 10. Nxf4 g5 11. Nfe2 Qxb2 12. Ra2 Qb6 13. Qd3 Bg7 14. g3 Bg4 15. Bg2 Bxe2 16. Kxe2 Nd7 17. Rd1 0-0 18. Bh3 Qc7 19. Bf5 Nf6 20. h4 g4 21. Kf1 a6 22. Ne2 c5 23. c3 c4 24. Qe3 Rfe8 25. Qf4 Qe7 26. Re1 Nxe4 27. Ng1 d5 28. Rae2 Qf6 29. Kg2 h5 30. Bxe4 Qxf4 31. gxf4 dxe4 32. Rxe4 Rxe4 33. Rxe4 f5 34. Re7 Bf6 35. Rxb7 Bxh4 36. Rc7 Rb8 37. Rxc4 Rb2+ 38. Kf1 Rf2+ 39. Ke1 Rxf4+ 40. Ke2 Rf2+ 41. Kd3 Bg5 42. Rc6 Rd2+ 43. Kc4 Be3 44. Rf6 Bxg1 45. Rxf5 Be3 46. Re5 Bf4 47. Rxh5 g3 48. Rh4 g2 49. Rg4+ Kh7 0-1

[Event "BOL-ch sf"]
[Site "Sucre"]
[Date "2018.07.07"]
[Round "8"]
[White "Campero, Ronald"]
[Black "Parada, Felipe"]
[Result "0-1"]
[WhiteElo "2189"]
[BlackElo "2052"]
[PlyCount "40"]
[EventDate "2018.07.04"]
[EventType "tourn"]
[EventRounds "9"]
[EventCountry "BOL"]
[SourceTitle "EXT 2019"]
[Source "ChessBase"]
[SourceDate "2018.10.10"]
[SourceVersion "1"]
[SourceVersionDate "2018.10.10"]
[SourceQuality "1"]

1. e4 e5 2. d4 exd4 3. Qxd4 Nc6 4. Qe3 b6 5. Nc3 Bc5 6. Qg3 Bd4 7. Bd2 Nf6 8. Qxg7 Rg8 9. Qh6 Bxf2+ 10. Kd1 Bc5 11. h3 Qe7 12. Qh4 Bb7 13. Nf3 Nd4 14. Bg5 Rg6 15. Kd2 0-0-0 16. Bd3 h6 17. Bxf6 Rxf6 18. Rhf1 Nxf3+ 19. Rxf3 Rxf3 20. Qxe7 Rxd3+ 0-1

[Event "BOL-ch"]
[Site "Sucre"]
[Date "2016.06.10"]
[Round "3"]
[White "Campero, Ronald"]
[Black "Celis, Kevin"]
[Result "1-0"]
[WhiteElo "2171"]
[BlackElo "2080"]
[PlyCount "109"]
[EventDate "2016.06.09"]
[EventType "tourn"]
[EventRounds "9"]
[EventCountry "BOL"]
[SourceTitle "CBM 172 Extra"]
[Source "ChessBase"]
[SourceDate "2016.06.21"]
[SourceVersion "1"]
[SourceVersionDate "2016.06.21"]
[SourceQuality "1"]

1. Nf3 d5 2. b3 Bf5 3. Bb2 e6 4. g3 Nf6 5. Bg2 Be7 6. d3 0-0 7. 0-0 h6 8. Nbd2 c5 9. Ne5 Nfd7 10. e4 dxe4 11. dxe4 Bh7 12. Nxd7 Qxd7 13. Qg4 Bg6 14. Rad1 Nc6 15. Nc4 Qc7 16. f4 h5 17. Qe2 f5 18. Be5 Qc8 19. Nd6 Bxd6 20. Rxd6 Nxe5 21. fxe5 c4 22. Qe3 fxe4 23. Rxf8+ Kxf8 24. b4 a5 25. b5 Qe8 26. Qc5 Kg8 27. Bh3 Bf5 28. Bxf5 exf5 29. Qd5+ Kh7 30. e6 Qf8 31. Rd7 Qf6 32. Rf7 Rd8 33. Qxf5+ Qxf5 34. Rxf5 Kg6 35. Re5 Re8 36. Rxe4 Kf6 37. Rxc4 Rxe6 38. Kf2 Rd6 39. Ke3 Rd1 40. Rc7 Ra1 41. Rxb7 Rxa2 42. Kd3 Rb2 43. c4 Rxh2 44. c5 Rg2 45. Rb6+ Kf5 46. Ra6 Rxg3+ 47. Kc4 h4 48. c6 Rg1 49. Rxa5 h3 50. b6+ Ke6 51. b7 h2 52. b8Q Rg4+ 53. Kd3 h1Q 54. Qe5+ Kf7 55. Qf5+ 1-0

[Event "BOL-ch"]
[Site "Sucre"]
[Date "2016.06.09"]
[Round "1"]
[White "Campero, Ronald"]
[Black "Ferrufino, Boris"]
[Result "1-0"]
[WhiteElo "2171"]
[BlackElo "2108"]
[PlyCount "75"]
[EventDate "2016.06.09"]
[EventType "tourn"]
[EventRounds "9"]
[EventCountry "BOL"]
[SourceTitle "CBM 172 Extra"]
[Source "ChessBase"]
[SourceDate "2016.06.21"]
[SourceVersion "1"]
[SourceVersionDate "2016.06.21"]
[SourceQuality "1"]

1. Nf3 Nf6 2. c4 e6 3. g3 d5 4. Bg2 Bd6 5. 0-0 0-0 6. b3 c6 7. Bb2 Nbd7 8. d4 Qe7 9. Nc3 b6 10. Qc2 Bb7 11. e4 dxe4 12. Nxe4 Nxe4 13. Qxe4 Ba3 14. Bxa3 Qxa3 15. Qh4 Rfd8 16. Rfd1 Nf6 17. Ne5 Rd6 18. c5 Rd5 19. Bxd5 Nxd5 20. Rdc1 b5 21. Qe4 Qa5 22. a4 b4 23. h4 Rd8 24. Nc4 Qc7 25. Nd6 Ba6 26. Qf3 Rd7 27. Re1 Nc3 28. Rac1 Nd5 29. Re5 h6 30. g4 g6 31. Rxd5 cxd5 32. Ne8 Qd8 33. Nf6+ Kg7 34. Nxd7 Qxd7 35. Qf4 Qd8 36. g5 hxg5 37. hxg5 Bc8 38. Qe5+ 1-0

[Event "BOL-ch"]
[Site "Cobija"]
[Date "2015.07.25"]
[Round "8"]
[White "Filipps, Yamil"]
[Black "Campero, Ronald"]
[Result "1-0"]
[WhiteElo "2006"]
[BlackElo "2201"]
[PlyCount "115"]
[EventDate "2015.07.21"]
[EventType "tourn"]
[EventRounds "9"]
[EventCountry "BOL"]
[SourceTitle "CBM 167 Extra"]
[Source "ChessBase"]
[SourceDate "2015.09.14"]
[SourceVersion "1"]
[SourceVersionDate "2015.09.14"]
[SourceQuality "1"]

1. d4 Nf6 2. Nf3 g6 3. Bf4 Bg7 4. e3 d6 5. Be2 0-0 6. h3 c5 7. c3 Qb6 8. Qb3 Nc6 9. Nbd2 Be6 10. Qxb6 axb6 11. a3 h6 12. 0-0 g5 13. Bh2 Bf5 14. Rfe1 Nd7 15. Bb5 Rfd8 16. Rad1 Na7 17. Bf1 b5 18. e4 Bg6 19. e5 dxe5 20. dxe5 e6 21. Ne4 Bxe4 22. Rxe4 Nb6 23. Rd6 Na4 24. Re2 Bf8 25. Rdd2 Nc6 26. Rc2 c4 27. Nd2 Nc5 28. Ne4 Nxe4 29. Rxe4 Rd1 30. g4 Na5 31. Kg2 Nb3 32. Be2 Rd7 33. Bf3 Rad8 34. Ree2 Nc5 35. Kf1 Bg7 36. Kg2 Kf8 37. Bg3 Ke7 38. Be4 Rd1 39. f4 R8d7 40. f5 Kd8 41. f6 Bf8 42. Bf3 Kc7 43. Re1 R7d2+ 44. Re2 Rxc2 45. Rxc2 Rb1 46. h4 Nd3 47. hxg5 hxg5 48. Be4 Nc5 49. Bh7 Na4 50. Bg8 Rxb2 51. Rxb2 Nxb2 52. Bxf7 Kd7 53. Bg6 Nd1 54. Be1 Bc5 55. Kf3 Bxa3 56. Bd2 b4 57. cxb4 Bb2 58. f7 1-0

[Event "Santa Cruz-ch"]
[Site "Santa Cruz"]
[Date "2014.10.07"]
[Round "9"]
[White "Monroy Carrizo, Javier"]
[Black "Campero, Ronald"]
[Result "1/2-1/2"]
[WhiteElo "1963"]
[BlackElo "2167"]
[PlyCount "149"]
[EventDate "2014.09.29"]
[EventType "tourn"]
[EventRounds "9"]
[EventCountry "BOL"]
[SourceTitle "EXT 2015"]
[Source "ChessBase"]
[SourceDate "2014.11.20"]
[SourceVersion "1"]
[SourceVersionDate "2014.11.20"]
[SourceQuality "1"]

1. d4 Nf6 2. c4 g6 3. Nc3 d5 4. g3 Bg7 5. Bg2 dxc4 6. Qa4+ c6 7. Qxc4 0-0 8. Nf3 Nbd7 9. 0-0 Nb6 10. Qd3 a5 11. e4 Be6 12. Rd1 a4 13. h3 Qc8 14. Ng5 Bc4 15. Qc2 h6 16. Nf3 Be6 17. Kh2 Rd8 18. Be3 Nc4 19. Nxa4 Rxa4 20. Qxa4 Nxb2 21. Qc2 Nxd1 22. Rxd1 Qa8 23. Rd2 Qa6 24. Ne1 Ra8 25. d5 cxd5 26. exd5 Rc8 27. Qb3 Bf5 28. d6 exd6 29. Qxb7 Qxb7 30. Bxb7 Rb8 31. Bc6 Ne4 32. Bxe4 Bxe4 33. Rxd6 Rb1 34. Ng2 h5 35. h4 Kf8 36. Rd8+ Ke7 37. Rd2 Be5 38. Bg5+ f6 39. Re2 Rb4 40. Bd2 Ra4 41. a3 Kf7 42. Bb4 Bf3 43. Re3 Bg4 44. f4 Bd4 45. Rd3 Bf2 46. Rd2 Bb6 47. Ne1 Ra7 48. Kg2 Rc7 49. Rc2 Rd7 50. Rc6 Bd4 51. Rd6 Rxd6 52. Bxd6 Ke6 53. Bb4 Bf5 54. Kf1 Kd5 55. Nf3 Bd3+ 56. Ke1 Be3 57. Bd2 Bc5 58. Bb4 Be3 59. Bd2 Bc5 60. Bc1 Ke4 61. Nd2+ Kf5 62. Bb2 Kg4 63. Nb3 Be3 64. Bxf6 Kxg3 65. Bg5 Bc2 66. Nd2 Bxf4 67. Bf6 Kg4 68. Ke2 Bg3 69. Nc4 Be4 70. Ne3+ Kh3 71. Nd1 Bc6 72. Nf2+ Kg2 73. Nd3 Kh3 74. Nf2+ Kg2 75. Nd3 1/2-1/2

[Event "Santa Cruz-ch"]
[Site "Santa Cruz"]
[Date "2014.10.01"]
[Round "3"]
[White "Campero, Ronald"]
[Black "Cueto Chajtur, Johny"]
[Result "1/2-1/2"]
[WhiteElo "2167"]
[BlackElo "2282"]
[PlyCount "56"]
[EventDate "2014.09.29"]
[EventType "tourn"]
[EventRounds "9"]
[EventCountry "BOL"]
[SourceTitle "EXT 2015"]
[Source "ChessBase"]
[SourceDate "2014.11.20"]
[SourceVersion "1"]
[SourceVersionDate "2014.11.20"]
[SourceQuality "1"]

1. e4 d6 2. d4 Nf6 3. Nc3 e5 4. dxe5 dxe5 5. Qxd8+ Kxd8 6. Bg5 Be6 7. 0-0-0+ Nbd7 8. Nf3 Bd6 9. Bxf6+ gxf6 10. Bd3 Bc5 11. Rhf1 c6 12. Rd2 Kc7 13. a3 a5 14. Kb1 b5 15. Nd1 Nb6 16. Ne3 b4 17. axb4 axb4 18. b3 Ra3 19. Rdd1 Rha8 20. Kb2 Ra2+ 21. Kc1 R8a3 22. h3 Ra8 23. g4 Rd8 24. Kb1 Rda8 25. Kc1 Rd8 26. Kb1 Rda8 27. Kc1 Rd8 28. Kb1 Rda8 1/2-1/2

[Event "Santa Cruz-ch"]
[Site "Santa Cruz"]
[Date "2014.09.29"]
[Round "1"]
[White "Campero, Ronald"]
[Black "Vidaurre, Luis"]
[Result "1-0"]
[WhiteElo "2167"]
[BlackElo "1878"]
[PlyCount "79"]
[EventDate "2014.09.29"]
[EventType "tourn"]
[EventRounds "9"]
[EventCountry "BOL"]
[SourceTitle "EXT 2015"]
[Source "ChessBase"]
[SourceDate "2014.11.20"]
[SourceVersion "1"]
[SourceVersionDate "2014.11.20"]
[SourceQuality "1"]

1. d4 d5 2. Nf3 Bf5 3. c4 e6 4. e3 c6 5. Bd3 Bg6 6. 0-0 Nd7 7. Nc3 Ngf6 8. Qe2 Bb4 9. Bd2 0-0 10. Bxg6 hxg6 11. Nxd5 Nxd5 12. cxd5 Bxd2 13. dxe6 Bb4 14. exd7 Qxd7 15. Rfd1 Rfd8 16. Ne5 Qe7 17. Rac1 a5 18. Nc4 Qe6 19. a3 Be7 20. Qf3 Bf6 21. g3 a4 22. Kg2 Kh7 23. h3 Ra6 24. Nd2 Rb6 25. Rc2 Rb5 26. Ne4 Rf5 27. Nc5 Qa2 28. Qe2 b5 29. e4 Rh5 30. g4 Rh6 31. Qe1 Bxd4 32. Ra1 Qxb2 33. Rxb2 Bxb2 34. Ra2 Bd4 35. Rc2 g5 36. e5 Rd5 37. Qe4+ Kg8 38. Nd3 Rd8 39. Rxc6 Rxc6 40. Qxc6 1-0

[Event "BOL-ch"]
[Site "Santa Cruz de la Sierra"]
[Date "2014.05.07"]
[Round "1"]
[White "Campero, Ronald"]
[Black "Monroy Carrizo, Javier"]
[Result "1-0"]
[WhiteElo "2170"]
[BlackElo "2104"]
[PlyCount "65"]
[EventDate "2014.05.07"]
[EventType "swiss"]
[EventRounds "9"]
[EventCountry "BOL"]
[SourceTitle "CBM 160 Extra"]
[Source "ChessBase"]
[SourceDate "2014.07.01"]
[SourceVersion "1"]
[SourceVersionDate "2014.07.01"]
[SourceQuality "1"]

1. d4 Nf6 2. c4 c5 3. d5 b5 4. f3 bxc4 5. e4 d6 6. Bxc4 g6 7. Ne2 Bg7 8. 0-0 0-0 9. a4 a5 10. Na3 Na6 11. Nc3 Nb4 12. Be3 Nd7 13. Qd2 Ne5 14. Kh1 f5 15. Bb5 Ba6 16. f4 Ned3 17. Nc4 Bxb5 18. axb5 fxe4 19. Nxe4 Rf5 20. g4 Rxd5 21. Qg2 Qb8 22. Nc3 Bxc3 23. bxc3 Qxb5 24. Qe4 Ra6 25. cxb4 cxb4 26. Qe6+ Kh8 27. Qxe7 Kg8 28. f5 Re5 29. Nxe5 Qxe5 30. Qd8+ Kg7 31. f6+ Kf7 32. Qd7+ Kf8 33. Bh6+ 1-0

[Event "American Continental 09th"]
[Site "Cochabamba"]
[Date "2013.05.15"]
[Round "11"]
[White "Cruz Pereyra, Andresantoni"]
[Black "Campero, Ronald"]
[Result "0-1"]
[WhiteElo "1947"]
[BlackElo "2211"]
[PlyCount "60"]
[EventDate "2013.05.07"]
[EventType "swiss"]
[EventRounds "11"]
[EventCountry "BOL"]
[SourceTitle "CBM 154 Extra"]
[Source "ChessBase"]
[SourceDate "2013.06.25"]
[SourceVersion "2"]
[SourceVersionDate "2013.06.25"]
[SourceQuality "1"]

1. c4 e5 2. Nc3 Nc6 3. g3 g6 4. Bg2 Bg7 5. Rb1 d6 6. b4 f5 7. d3 Nf6 8. Bg5 h6 9. Bxf6 Qxf6 10. Nd5 Qf7 11. e3 0-0 12. Ne2 Kh8 13. 0-0 Nd8 14. b5 c6 15. bxc6 bxc6 16. Nb4 Bd7 17. Qc1 g5 18. f4 gxf4 19. gxf4 a5 20. Nc2 Ne6 21. Qa3 exf4 22. Qxd6 fxe3 23. Nxe3 f4 24. Rb7 Rad8 25. Kh1 Qe8 26. Ng4 Bc8 27. Qxc6 Bxb7 28. Qxb7 Nc5 29. Qb5 Qxe2 30. Qxc5 Qxg4 0-1

[Event "American Continental 09th"]
[Site "Cochabamba"]
[Date "2013.05.14"]
[Round "10"]
[White "Campero, Ronald"]
[Black "Celis, Kevin"]
[Result "1/2-1/2"]
[WhiteElo "2211"]
[BlackElo "2134"]
[PlyCount "28"]
[EventDate "2013.05.07"]
[EventType "swiss"]
[EventRounds "11"]
[EventCountry "BOL"]
[SourceTitle "CBM 154 Extra"]
[Source "ChessBase"]
[SourceDate "2013.06.25"]
[SourceVersion "2"]
[SourceVersionDate "2013.06.25"]
[SourceQuality "1"]

1. Nf3 Nf6 2. g3 g6 3. Bg2 Bg7 4. 0-0 0-0 5. c4 c6 6. Nc3 d5 7. cxd5 cxd5 8. d4 Nc6 9. Ne5 Be6 10. f4 Rc8 11. Be3 Qb6 12. Qd2 Rfd8 13. h3 Nxe5 14. fxe5 Ne4 1/2-1/2